The encyclopedia of leadership : (Record no. 132473)

MARC details
000 -LEADER
fixed length control field 00817nam a22002417a 4500
005 - DATE AND TIME OF LATEST TRANSACTION
control field 20170124110155.0
010 ## - LIBRARY OF CONGRESS CONTROL NUMBER
LC control number B-132710
020 ## - INTERNATIONAL STANDARD BOOK NUMBER
Terms of availability 00.00
International Standard Book Number 0070593973
035 ## - SYSTEM CONTROL NUMBER
System control number B-132710
037 ## - SOURCE OF ACQUISITION
Source of stock number/acquisition Cen Lib/Ret
040 ## - CATALOGING SOURCE
Original cataloging agency DPL
Language of cataloging EN
082 ## - DEWEY DECIMAL CLASSIFICATION NUMBER
Classification number 658.4092
Item number HIE
100 ## - MAIN ENTRY--PERSONAL NAME
Personal name Hiebert, Murray
9 (RLIN) 34823
245 ## - TITLE STATEMENT
Title The encyclopedia of leadership :
Statement of responsibility, etc by Murray Hiebert [and] Bruce Klatt
Remainder of title a practical guide to popular leadership theories and techniques /
260 ## - PUBLICATION, DISTRIBUTION, ETC. (IMPRINT)
Place of publication, distribution, etc New Delhi
Name of publisher, distributor, etc Tata McGraw-Hill
Date of publication, distribution, etc 2004
270 ## - ADDRESS
Address 7 West Patel Nagar
City New Delhi
Postal code 110008
300 ## - PHYSICAL DESCRIPTION
Extent xxxi,479p. :
Dimensions 24cm(Hb)
Other physical details ill.
500 ## - GENERAL NOTE
General note Includes index
650 ## - SUBJECT ADDED ENTRY--TOPICAL TERM
Topical term or geographic name as entry element Leadership
9 (RLIN) 34824
650 ## - SUBJECT ADDED ENTRY--TOPICAL TERM
Topical term or geographic name as entry element Leadership -- Guides, manuels, etc
9 (RLIN) 34825
700 ## - ADDED ENTRY--PERSONAL NAME
Personal name Klatt, Bruce
9 (RLIN) 34826
942 ## - ADDED ENTRY ELEMENTS (KOHA)
Source of classification or shelving scheme Dewey Decimal Classification
Koha item type English Books
Classification part 658.4092
Call number suffix HIE
Holdings
Withdrawn status Lost status Damaged status Not for loan Home library Current library Date acquired Source of acquisition Cost, normal purchase price Total Checkouts Full call number Barcode Date last seen Copy number Cost, replacement price Price effective from Koha item type Source of classification or shelving scheme Collection code
        Central Library Central Library 22/07/2015 Cen Lib/Ret 0.00   658.4092 HIE B-132710 22/07/2015 1 0.00 22/07/2015 English Books    
        Sarojini Nagar Sarojini Nagar 13/04/2019       658.4092 HIE B-132714 13/04/2019     13/04/2019 English Books Dewey Decimal Classification Non-fiction

© Delhi Public Library
Hit Counter
free hit counter